| 000 | 00492nam a2200241Ia 4500 | ||
|---|---|---|---|
| 001 | 067618 | ||
| 003 | YMCAF | ||
| 005 | 20230512160441.0 | ||
| 008 | 100717s1978 ||||||||||||||||| ||und|d | ||
| 020 | _a- | ||
| 024 | _a67618 | ||
| 035 | _a7081 | ||
| 040 |
_aYMCAF _beng _cIN-KoLT |
||
| 041 | _aeng | ||
| 100 | _aSRINIVASULU, P | ||
| 245 | 0 | _aHANDBOOK OF MACHINE FOUNDATIONS | |
| 250 | _a- | ||
| 260 |
_bTMH _c1978 |
||
| 300 | _a236 | ||
| 653 | _a- | ||
| 653 | _a- | ||
| 942 |
_2ddc _cBK |
||
| 999 |
_c4565 _d4565 |
||